000 00414nam a22001577a 4500
005 20251108171159.0
008 250721s1980 xx 000 0 ara d
082 1 4 _aط/678/عاد
100 1 _aجرار، عادل
245 1 0 _aالمطاط /
264 1 _aعمان :
_bالجمعية العلمية الملكية،
_c1980.
300 _a31ص
650 1 7 _aالمطاط
942 _2ddc
_cBK
999 _c58649
_d58649